000 00598nam a22002057a 4500
005 20251108173218.0
008 250721s9999 xx 000 0 ara d
082 1 4 _aط/م/550/مطل
100 1 _aمطلق، ألبير
245 1 0 _aموسوعة كوكب الأرض الشاملة /
264 1 _aبيروت :
_bمكتبة لبنان،
650 1 7 _aالأرض
650 1 7 _aالغلاف الجوي
650 1 7 _aالغلاف المائي
650 1 7 _aالغلاف الصخري
650 1 7 _aعلم الزلازل
650 1 7 _aالبراكين
942 _2ddc
_cBK
999 _c98675
_d98675